Government paternalism nanny state or helpful friend?

Gespeichert in:
Bibliographische Detailangaben
1. Verfasser: Le Grand, Julian
Weitere Verfasser: New, Bill
Format: Buch
Sprache:Englisch
Veröffentlicht: Princeton Princeton University Press 2015
Schlagworte:
Tags: Tag hinzufügen
Keine Tags, Fügen Sie das erste Tag hinzu!

MARC

LEADER 00000nam a2200000 4500
001 0221044
005 20230109072622.1
020 |a 978-0-691-16437-3 
041 0 |a eng 
044 |a US 
245 1 0 |a Government paternalism  |b nanny state or helpful friend?  |c Julian Le Grand and Bill New 
264 1 |a Princeton  |b Princeton University Press  |c 2015 
300 |a 202 s. 
610 2 0 |a štát 
610 2 0 |a obyvateľstvo 
610 2 0 |a správanie sociálne 
610 2 0 |a regulácia štátna 
610 2 0 |a intervencionizmus štátny 
610 2 0 |a dôsledky sociálne 
610 2 0 |a autonómia 
610 2 0 |a paternalizmus 
100 1 |a Le Grand, Julian 
700 1 |a New, Bill